Managing Human Resours (Record no. 518)

MARC details
000 -LEADER
fixed length control field 00321nam a22001457a 4500
005 - DATE AND TIME OF LATEST TRANSACTION
control field 20160511112252.0
008 - FIXED-LENGTH DATA ELEMENTS--GENERAL INFORMATION
fixed length control field 160511b xxu||||| |||| 00| 0 eng d
041 ## - LANGUAGE CODE
Language code of text/sound track or separate title eng
082 ## - DEWEY DECIMAL CLASSIFICATION NUMBER
Item number 1244
100 ## - MAIN ENTRY--AUTHOR NAME
Personal name Cascio F wayue
245 ## - TITLE STATEMENT
Title Managing Human Resours
260 ## - PUBLICATION, DISTRIBUTION, ETC. (IMPRINT)
Year of publication 2006
650 ## - SUBJECT ADDED ENTRY--TOPICAL TERM
Topical Term Management
942 ## - ADDED ENTRY ELEMENTS (KOHA)
Koha item type Books
Holdings
Lost status Damaged status Home library Date acquired Full call number Accession Number Koha item type
    JRU Library 11/05/2016 1244 1244 Books